[Event "Jena Fair op 8th"]
[Site "Jena"]
[Date "2008.10.19"]
[Round "9"]
[White "Richter, Jan"]
[Black "Schulz, Uwe"]
[Result "1/2-1/2"]
[WhiteElo "2063"]
[BlackElo "1971"]
[PlyCount "44"]
[EventDate "2008.10.15"]
[EventType "swiss"]
[EventRounds "9"]
[EventCountry "GER"]
[SourceTitle "EXT 2009"]
[Source "ChessBase"]
[SourceDate "2008.11.26"]
[SourceVersion "1"]
[SourceVersionDate "2008.11.26"]
[SourceQuality "1"]

1. Nf3 c5 2. c4 Nc6 3. d4 cxd4 4. Nxd4 Nf6 5. g3 g6 6. Bg2 Bg7 7. 0-0 0-0 8. Nc3 Ng4 9. Nc2 d6 10. h3 Nge5 11. Ne3 Be6 12. Ncd5 Rc8 13. Rb1 Qd7 14. Kh2 Nd4 15. b3 Nec6 16. Bb2 Bf5 17. Nxf5 Nxf5 18. Bxg7 Nxg7 19. e3 f6 20. Nf4 Kh8 21. Qe2 Ne5 22. Rbd1 b6 1/2-1/2

[Event "Jena Fair op 8th"]
[Site "Jena"]
[Date "2008.10.16"]
[Round "4"]
[White "Schreyer, Klaus"]
[Black "Richter, Jan"]
[Result "0-1"]
[WhiteElo "1893"]
[BlackElo "2063"]
[PlyCount "34"]
[EventDate "2008.10.15"]
[EventType "swiss"]
[EventRounds "9"]
[EventCountry "GER"]
[SourceTitle "EXT 2009"]
[Source "ChessBase"]
[SourceDate "2008.11.26"]
[SourceVersion "1"]
[SourceVersionDate "2008.11.26"]
[SourceQuality "1"]

1. d4 Nf6 2. c4 c5 3. d5 b5 4. cxb5 a6 5. Nc3 axb5 6. Nxb5 Ba6 7. Nc3 d6 8. g3 g6 9. Bg2 Bg7 10. e4 Qa5 11. Bd2 Nbd7 12. Nge2 Ne5 13. 0-0 0-0 14. b3 Nd3 15. Na4 Qc7 16. f4 Ng4 17. Nec3 Bd4+ 0-1

[Event "Friedrichroda op 12th"]
[Site "Friedrichroda"]
[Date "2008.08.06"]
[Round "1"]
[White "Scholz, Bodo"]
[Black "Richter, Jan"]
[Result "0-1"]
[WhiteElo "1383"]
[BlackElo "2068"]
[PlyCount "56"]
[EventDate "2008.08.06"]
[EventType "swiss"]
[EventRounds "7"]
[EventCountry "GER"]
[SourceTitle "CBM 126 Extra"]
[Source "ChessBase"]
[SourceDate "2008.11.05"]
[SourceVersion "1"]
[SourceVersionDate "2008.11.05"]
[SourceQuality "1"]

1. d4 Nf6 2. Nf3 g6 3. e3 Bg7 4. Bd3 d5 5. Nbd2 c5 6. c3 0-0 7. 0-0 Nbd7 8. Qe2 Qc7 9. dxc5 e5 10. e4 Nxc5 11. Re1 Rd8 12. Bc2 b6 13. exd5 Nxd5 14. Nxe5 Re8 15. Ndf3 Ba6 16. c4 Rad8 17. b3 Nb4 18. Bf4 Qc8 19. Red1 f6 20. Rxd8 Qxd8 21. Rd1 Qe7 22. Qd2 Nxc2 23. Qd5+ Qe6 24. Qd2 fxe5 25. Ng5 Qc6 26. Qd8 Rxd8 27. Rxd8+ Bf8 28. Bxe5 Ne6 0-1

[Event "Jena Schwarzer Baer op"]
[Site "Jena"]
[Date "2007.02.06"]
[Round "6"]
[White "Vigus, James"]
[Black "Richter, Jan"]
[Result "1/2-1/2"]
[WhiteElo "2311"]
[BlackElo "1901"]
[PlyCount "99"]
[EventDate "2007.02.03"]
[EventType "swiss"]
[EventRounds "7"]
[EventCountry "GER"]
[SourceTitle "EXT 2008"]
[Source "ChessBase"]
[SourceDate "2007.11.25"]
[SourceVersion "1"]
[SourceVersionDate "2007.11.25"]
[SourceQuality "1"]

1. Nf3 Nf6 2. c4 g6 3. Nc3 Bg7 4. d4 d6 5. g3 0-0 6. Bg2 Nbd7 7. 0-0 e5 8. e4 c6 9. h3 Ne8 10. Be3 f5 11. dxe5 dxe5 12. Qd2 Qe7 13. Rfe1 Nc5 14. Rad1 Ne6 15. exf5 gxf5 16. Bh6 e4 17. Nh4 Bxh6 18. Qxh6 Qg5 19. Qxg5+ Nxg5 20. f3 Nf6 21. Ne2 Be6 22. b3 exf3 23. Nxf3 Nge4 24. Nfd4 Rae8 25. Rf1 Nh5 26. Kh2 Bc8 27. Bf3 Ng7 28. Nf4 Nc3 29. Rd2 Rd8 30. Nfe2 Nxe2 31. Bxe2 Rfe8 32. Rf2 Ne6 33. Nf3 Rxd2 34. Nxd2 Nd4 35. Bh5 Re1 36. Kg2 c5 37. Rf1 Rxf1 38. Nxf1 b6 39. Bf3 Nxf3 40. Kxf3 Kf7 41. Kf4 Kf6 42. Ne3 Be6 43. Nd1 Bd7 44. Ne3 Be6 45. a3 h6 46. a4 Bd7 47. Nd5+ Ke6 48. h4 Bc6 49. Ne3 Be4 50. Nf1 1/2-1/2